000 00814nam a2200253Ia 4500
003 OSt
005 20220923220112.0
006 a|||||r|||| 00| 0
007 ta
008 220922b |||||||| |||| 00| 0 hin d
024 _a184,313
037 _cTextual
040 _aARTS
_cARTS
_bhin
041 _2hin
_ahin
082 _aO152,2:g, L6
100 _aओझा, मान्धाता
245 0 _aहिन्दी नाट्य समालोचन
246 _aHindī nāṭya samālochana
260 _aदिल्ली
_b राजपाल एण्ड सन्ज
_c1976
300 _a194 पृ.
_ccm.
650 _aहिन्दी साहित्य
_9156264
942 _hO152,2:g, L6
_cTEXL
_2CC
999 _c337597
_d337597